000 00270 a2200097 4500
001 34591
100 _aIbbostson, Lem
245 _aFundamentals of Signal Transmission; inline, wave guide, fiber and free space
260 _aLondon
_bArnold
_c1999
090 _c22874
_d22874
942 _aNUST-CAE
_cM
_c14307
999 _c269664
_d269664